10 Największych miast w państwach Bałtyckich - Statystyki

Ogólne statystyki
  • Ten quiz został rozwiązany 61 razy
  • Średni wynik to 7 z 10
Odpowiedzi na mapie
Odpowiedzi zakodowano w zielono-czerwonej skali na mapie do tego quizu, zgodnie z poniższymi procentami.
 
Statystyki odpowiedzi
Państwo Miasto Populacja % Poprawnych
Łotwa Ryga 600k
100%
Litwa Wilno 600k
100%
Estonia Tallinn 450k
97%
Litwa Kłajpeda 160k
92%
Litwa Kowno 300k
92%
Łotwa Dyneburg 78k
64%
Łotwa Lipawa 67k
50%
Litwa Szawle 110k
47%
Estonia Tartu 100k
47%
Litwa Poniewież 85k
42%
Nie znaleziono quizów pasujących do podanych kryteriów
Rozkład punktacji
Procent ludzi z każdym wynikiem
Percentyl według liczby udzielonych odpowiedzi
Twoja historia wyników
Nie rozwiązałeś tego quizu